[Event "Frankfurt Ch 2011"]
[Site "Ffm-Kalbach, LAZ"]
[Date "2011.05.16"]
[Round "3.1"]
[White "Khenkin, Igor"]
[Black "Schaack, Harry"]
[Result "1-0"]
[WhiteElo "2625"]
[BlackElo "2211"]
[PlyCount "79"]
[EventDate "2011.??.??"]
[WhiteTeam "Wiesbadener SV 1885"]
[BlackTeam "Sfr. Schöneck"]

1. d4 Nf6 2. c4 g6 3. Nc3 Bg7 4. e4 d6 5. f3 O-O 6. Be3 c5 7. dxc5 dxc5 8. Qxd8
Rxd8 9. Bxc5 Nc6 10. Nge2 Nd7 11. Be3 Nde5 12. Nf4 Nb4 13. Rc1 g5 14. Nfd5
Nbd3+ 15. Bxd3 Nxd3+ 16. Ke2 Nxc1+ 17. Rxc1 Rd7 18. Bxg5 e6 19. Nf6+ Bxf6 20.
Bxf6 b6 21. e5 Ba6 22. Ne4 Rc8 23. b3 Rc6 24. a4 Kf8 25. Ke3 b5 26. axb5 Bxb5
27. Nd6 Ba6 28. b4 Bxc4 29. Nxc4 Rb7 30. Rd1 Rb8 31. Rd4 Ra6 32. Rd7 Ra2 33. g4
Kg8 34. h4 h5 35. Nd6 Rf8 36. g5 a6 37. g6 Ra3+ 38. Kf4 Ra4 39. Nxf7 Rxb4+ 40.
Kg5 1-0

[Event "Frankfurt Ch 2011"]
[Site "Ffm-Kalbach, LAZ"]
[Date "2011.05.16"]
[Round "3.2"]
[White "Minor, Samuel"]
[Black "Milov, Leonid"]
[Result "0-1"]
[WhiteElo "2175"]
[BlackElo "2541"]
[PlyCount "90"]
[EventDate "2011.??.??"]
[WhiteTeam "Wiesbadener SV 1885"]
[BlackTeam "SC Noris-Tarrasch Nürnberg 1873"]

1. e4 c5 2. Nf3 Nc6 3. Nc3 e6 4. d4 cxd4 5. Nxd4 Qc7 6. Be3 a6 7. Be2 b5 8. O-O
Bb7 9. a3 Nf6 10. f4 d6 11. Kh1 Be7 12. Qe1 O-O 13. Qg3 Nd7 14. Rad1 Nxd4 15.
Bxd4 Bf6 16. Bxf6 Nxf6 17. Bd3 Rad8 18. Rde1 Kh8 19. e5 dxe5 20. fxe5 Ng8 21.
Rf4 Nh6 22. Qg5 Rd7 23. Ne4 Bxe4 24. Rfxe4 Rd5 25. Qf4 Nf5 26. a4 Ne7 27. axb5
Ng6 28. Qg3 axb5 29. R4e3 Kg8 30. h4 Rd4 31. Re4 Rxe4 32. Rxe4 f5 33. Rb4 Qxe5
34. Qxe5 Nxe5 35. Bxb5 Rd8 36. Kh2 Rd2 37. Ba4 Kf7 38. Kg3 Kf6 39. c3 Re2 40.
Bd1 Rd2 41. Ba4 g6 42. Bb5 h6 43. c4 g5 44. hxg5+ hxg5 45. Ba4 f4+ 0-1

[Event "Frankfurt Ch 2011"]
[Site "Ffm-Kalbach, LAZ"]
[Date "2011.05.16"]
[Round "3.3"]
[White "Poetsch, Hagen"]
[Black "Chandler, Patrick"]
[Result "1-0"]
[WhiteElo "2415"]
[BlackElo "2220"]
[PlyCount "37"]
[EventDate "2011.??.??"]
[WhiteTeam "Sfr. Schöneck"]
[BlackTeam "Sfr. Neuberg"]

1. e4 c5 2. Nf3 d6 3. d4 cxd4 4. Nxd4 Nf6 5. Nc3 a6 6. Bg5 e6 7. f4 Be7 8. Qf3
Qc7 9. O-O-O Nbd7 10. g4 h6 11. Bxf6 Nxf6 12. h4 b6 13. g5 Nd7 14. g6 Nc5 15.
gxf7+ Kf8 16. Rg1 Bf6 17. Bh3 Qxf7 18. e5 Bb7 19. Qg3 1-0

[Event "Frankfurt Ch 2011"]
[Site "Ffm-Kalbach, LAZ"]
[Date "2011.05.16"]
[Round "3.4"]
[White "Henrich, Thomas"]
[Black "Telljohann, Sven"]
[Result "0-1"]
[WhiteElo "2224"]
[BlackElo "2415"]
[PlyCount "132"]
[EventDate "2011.??.??"]
[WhiteTeam "SK 1858 Gießen"]
[BlackTeam "Sfr. Schöneck"]

1. d4 Nf6 2. Nf3 g6 3. c4 Bg7 4. Nc3 c5 5. d5 d6 6. e4 O-O 7. h3 Ne8 8. Bg5 h6
9. Be3 a6 10. Qd2 Kh7 11. g4 b5 12. cxb5 Qa5 13. bxa6 Bxa6 14. Bxa6 Qxa6 15.
Qe2 Nd7 16. Nd2 Nc7 17. Qxa6 Rxa6 18. Ke2 Rb8 19. Rhb1 Rab6 20. Nd1 f5 21. f3
fxe4 22. fxe4 Ne5 23. a4 Na6 24. Ra3 Rb4 25. Rc1 R8b7 26. b3 Rb8 27. Rc2 R4b7
28. Rc1 Nb4 29. a5 Ra8 30. Ra4 Rb5 31. Nc3 Rbb8 32. Na2 Ned3 33. Rb1 Nb2 34.
Rxb4 cxb4 35. Bb6 Bc3 36. Rc1 Rc8 37. Nb1 Bf6 38. Rc6 Rxa5 39. Bxa5 Ra8 40.
Bxb4 Rxa2 41. Nd2 Ra1 42. Rc7 Kg8 43. e5 Bxe5 44. Rxe7 Nd1 45. Re6 Nc3+ 46.
Bxc3 Bxc3 47. Ne4 Bb4 48. Rxg6+ Kh7 49. Rf6 Rb1 50. Rf3 Rb2+ 51. Kf1 Kg6 52. h4
Rb1+ 53. Kg2 Rd1 54. Nf6 Bc5 55. h5+ Kg7 56. Ne8+ Kh8 57. Rf8+ Kh7 58. Rf7+ Kg8
59. Rd7 Kf8 60. Nf6 Rd2+ 61. Kg3 Rb2 62. g5 hxg5 63. h6 Bd4 64. Rxd6 Be5+ 65.
Kg4 Bxd6 66. h7 Rh2 0-1

[Event "Frankfurt Ch 2011"]
[Site "Ffm-Kalbach, LAZ"]
[Date "2011.05.16"]
[Round "3.5"]
[White "Margolin, Boris"]
[Black "Prenzler, Daniel"]
[Result "1/2-1/2"]
[WhiteElo "2440"]
[BlackElo "2197"]
[PlyCount "55"]
[EventDate "2011.??.??"]
[WhiteTeam "SV Oberursel"]
[BlackTeam "SV Griesheim(DA)"]

1. d4 Nf6 2. Nf3 c5 3. d5 b5 4. Bg5 Qb6 5. Nc3 b4 6. Na4 Qa5 7. Bxf6 exf6 8. c4
d6 9. b3 f5 10. Qd2 Be7 11. a3 Na6 12. axb4 Nxb4 13. Rc1 O-O 14. g3 Bf6 15. Bh3
Bd7 16. O-O Bxa4 17. bxa4 Qxa4 18. Bxf5 Qa2 19. Qf4 Rfd8 20. g4 Qxe2 21. Rfe1
Nd3 22. Bxh7+ Kxh7 23. Qf5+ g6 24. Qxf6 Qxf2+ 25. Kh1 Kg8 26. Rf1 Qb2 27. Qxb2
Nxb2 28. Rc3 1/2-1/2

[Event "Frankfurt Ch 2011"]
[Site "Ffm-Kalbach, LAZ"]
[Date "2011.05.16"]
[Round "3.6"]
[White "Meyer, Kai-Christian"]
[Black "Zude, Erik"]
[Result "0-1"]
[WhiteElo "2170"]
[BlackElo "2409"]
[PlyCount "54"]
[EventDate "2011.??.??"]
[WhiteTeam "Sfr. Schöneck"]
[BlackTeam "SV 1920 Hofheim"]

1. d4 Nf6 2. Bg5 c5 3. Bxf6 gxf6 4. d5 Qb6 5. Qc1 f5 6. c3 d6 7. g3 Nd7 8. Nh3
h5 9. Qc2 Ne5 10. Nd2 h4 11. Nf3 hxg3 12. hxg3 Ng4 13. e3 Bg7 14. O-O-O Qa5 15.
Kb1 b5 16. Bd3 b4 17. c4 Rb8 18. b3 Qa3 19. Nhg5 a5 20. Rxh8+ Bxh8 21. Rd2 a4
22. Re2 Ra8 23. e4 axb3 24. Qxb3 Qxb3+ 25. axb3 Ra1+ 26. Kc2 Nxf2 27. Nd2 Ra2+
0-1

[Event "Frankfurt Ch 2011"]
[Site "Ffm-Kalbach, LAZ"]
[Date "2011.05.16"]
[Round "3.8"]
[White "Rosa, Mike"]
[Black "Schramm, Christian"]
[Result "1/2-1/2"]
[WhiteElo "2114"]
[BlackElo "2340"]
[PlyCount "52"]
[EventDate "2011.??.??"]
[WhiteTeam "SC 1961 König Nied"]
[BlackTeam "SC 1959 Obernau"]

1. e4 g6 2. Nf3 Bg7 3. Bc4 d6 4. O-O Nf6 5. Qe2 O-O 6. d4 Nfd7 7. e5 Nc6 8. e6
fxe6 9. Bxe6+ Kh8 10. c3 h6 11. Re1 Nf6 12. d5 Ne5 13. Nxe5 dxe5 14. Qxe5 Ng4
15. Qg3 Bxe6 16. Rxe6 h5 17. Rxg6 Qxd5 18. Nd2 Be5 19. Rg5 Bxg3 20. Rxd5 Bxf2+
21. Kh1 e5 22. Nf3 Rad8 23. Rxd8 Rxd8 24. Bg5 Rf8 25. h3 e4 26. hxg4 exf3
1/2-1/2

[Event "Frankfurt Ch 2011"]
[Site "Ffm-Kalbach, LAZ"]
[Date "2011.05.16"]
[Round "3.9"]
[White "Zuyev, Igor"]
[Black "Kuhn, Gerhard"]
[Result "1-0"]
[WhiteElo "2348"]
[BlackElo "2110"]
[PlyCount "93"]
[EventDate "2011.??.??"]
[WhiteTeam "SC Heusenstamm"]
[BlackTeam "SK Marburg 1931/72"]

1. e4 c6 2. d4 d5 3. exd5 cxd5 4. Bd3 Nc6 5. c3 Nf6 6. Bf4 Bg4 7. Qb3 Qc8 8.
Nd2 e6 9. Ngf3 Be7 10. O-O O-O 11. Ne5 Bh5 12. Rae1 Bg6 13. Nxg6 hxg6 14. g3 a6
15. Nf3 b5 16. a4 b4 17. cxb4 Nxb4 18. Rc1 Qd8 19. Be2 Ne4 20. Rfd1 Bd6 21. Ne5
Rb8 22. f3 Nf6 23. Qe3 Qe7 24. b3 Rfc8 25. Rxc8+ Rxc8 26. Rc1 Rxc1+ 27. Qxc1
Qd8 28. Kg2 Ne8 29. Bd2 Qc7 30. Qxc7 Nxc7 31. Bxb4 Bxb4 32. Nc6 Bd6 33. Kf2 Kf8
34. Ke3 f6 35. f4 Kf7 36. Nb8 a5 37. Nc6 Bb4 38. Nxb4 axb4 39. a5 Ke7 40. Bd3
f5 41. Kf3 Kd6 42. g4 Ne8 43. gxf5 gxf5 44. Kg3 Nf6 45. Kh4 g6 46. Kg5 Ng4 47.
h4 1-0

[Event "Frankfurt Ch 2011"]
[Site "Ffm-Kalbach, LAZ"]
[Date "2011.05.16"]
[Round "3.10"]
[White "Heidel, Andre Nicolas"]
[Black "Legde, Georg"]
[Result "0-1"]
[WhiteElo "2170"]
[BlackElo "2326"]
[PlyCount "74"]
[EventDate "2011.??.??"]
[WhiteTeam "SC 1959 Obernau"]
[BlackTeam "SK 1858 Gießen"]

1. d4 Nf6 2. c4 c5 3. d5 g6 4. Nc3 Bg7 5. e4 O-O 6. e5 Ne8 7. f4 d6 8. Qe2 e6
9. Nf3 exd5 10. cxd5 Bg4 11. Be3 Nd7 12. O-O-O dxe5 13. fxe5 Nxe5 14. Bf4 Bxf3
15. gxf3 Qf6 16. Be3 Nd6 17. Bxc5 Rac8 18. Bxd6 Qxd6 19. Kb1 Nc4 20. Rd3 Qb6
21. Ne4 Bxb2 22. Rb3 Qd4 23. Bh3 Na3+ 24. Rxa3 Bxa3 25. Bxc8 Rxc8 26. Rd1 Qb6+
27. Ka1 Bf8 28. a4 Bg7+ 29. Ka2 Rc4 30. Nc3 Bxc3 31. Qe8+ Kg7 32. Rb1 Qa5 33.
d6 Rxa4+ 34. Kb3 Qb4+ 35. Kc2 Ra2+ 36. Kc1 Qf4+ 37. Kd1 Qd2# 0-1

[Event "Frankfurt Ch 2011"]
[Site "Ffm-Kalbach, LAZ"]
[Date "2011.05.16"]
[Round "3.11"]
[White "Gohil, Harry"]
[Black "Marzahn, Heiko"]
[Result "1-0"]
[WhiteElo "2302"]
[BlackElo "1984"]
[PlyCount "79"]
[EventDate "2011.??.??"]
[WhiteTeam "TSV Schott Mainz"]
[BlackTeam "Sfr.Erbach"]

1. d4 Nf6 2. Bg5 d5 3. Bxf6 gxf6 4. c4 c5 5. cxd5 Qxd5 6. e3 cxd4 7. Nc3 Qa5 8.
exd4 Bg7 9. Bc4 O-O 10. Nge2 Nc6 11. O-O Qg5 12. f4 Qg6 13. d5 Na5 14. Bd3 Bf5
15. Bxf5 Qxf5 16. Nd4 Qd7 17. Qd3 Rac8 18. f5 Nc4 19. Qe2 Ne5 20. Rad1 Rc5 21.
Rf4 a6 22. a4 Qc7 23. Re4 Rd8 24. Kh1 Rc4 25. g4 Qc5 26. h4 Rxd5 27. Nxd5 Qxd5
28. b3 Rb4 29. g5 Nc6 30. gxf6 Rxd4 31. Rdxd4 Nxd4 32. Qg2 Qxe4 33. Qxe4 Bxf6
34. Kg2 Nc6 35. b4 Kf8 36. h5 h6 37. a5 Ke8 38. b5 Nd8 39. bxa6 bxa6 40. Qc4
1-0

[Event "Frankfurt Ch 2011"]
[Site "Ffm-Kalbach, LAZ"]
[Date "2011.05.16"]
[Round "3.12"]
[White "Perlitz, Sven"]
[Black "Isserman, Ryhor"]
[Result "0-1"]
[WhiteElo "2094"]
[BlackElo "2307"]
[PlyCount "66"]
[EventDate "2011.??.??"]
[WhiteTeam "SC 1961 König Nied"]
[BlackTeam "SK Bad Homburg 1927"]

1. e4 g6 2. d4 Bg7 3. Nf3 d6 4. h3 Nd7 5. Be3 e5 6. dxe5 dxe5 7. Bc4 Ngf6 8.
Nc3 O-O 9. O-O Qe7 10. Qe2 c6 11. a4 Nc5 12. Nd2 Ne6 13. a5 Nd4 14. Bxd4 exd4
15. Na2 Nh5 16. Nc1 Nf4 17. Qf3 Nxh3+ 18. gxh3 Qg5+ 19. Qg3 Qxd2 20. Nd3 Qxc2
21. b3 Qd2 22. Nc5 Qh6 23. Kh2 d3 24. Ra2 d2 25. f4 Qh5 26. f5 d1=Q 27. Rxd1
Qxd1 28. fxg6 hxg6 29. Qxg6 Qd4 30. Rg2 b5 31. axb6 axb6 32. Nd3 Be6 33. Qh6
Ra2 0-1

[Event "Frankfurt Ch 2011"]
[Site "Ffm-Kalbach, LAZ"]
[Date "2011.05.16"]
[Round "3.13"]
[White "Stock, Jürgen"]
[Black "Stockmann, Michael"]
[Result "0-1"]
[WhiteElo "1948"]
[BlackElo "2255"]
[PlyCount "46"]
[EventDate "2011.??.??"]
[WhiteTeam "SC Eschborn 1974"]
[BlackTeam "Sfr. Schöneck"]

1. d4 Nf6 2. c3 d5 3. e3 c6 4. Bd3 Bg4 5. Qc2 Bh5 6. Nd2 Nbd7 7. f4 e6 8. Ndf3
Bg6 9. Nh3 Bxd3 10. Qxd3 Ne4 11. O-O Bd6 12. b3 O-O 13. Bb2 Qe7 14. Kh1 f5 15.
Qe2 h6 16. Rg1 Ndf6 17. Nf2 Ng4 18. Nxe4 dxe4 19. Nd2 Nxh2 20. Qh5 Ng4 21. Nxe4
Kh7 22. Rae1 g6 23. Qh3 h5 0-1

[Event "Frankfurt Ch 2011"]
[Site "Ffm-Kalbach, LAZ"]
[Date "2011.05.16"]
[Round "3.14"]
[White "Kayser, Felix"]
[Black "Schmitt, Roland"]
[Result "1-0"]
[WhiteElo "2190"]
[BlackElo "1893"]
[PlyCount "33"]
[EventDate "2011.??.??"]
[WhiteTeam "BSG Rheinpark"]
[BlackTeam "SK Großsachsen"]

1. e4 c5 2. Nc3 Nc6 3. f4 d6 4. Nf3 g6 5. Bb5 Bd7 6. Bc4 Bg7 7. O-O e6 8. a4
Nge7 9. d3 Nd4 10. f5 Nxf3+ 11. Qxf3 exf5 12. Bg5 Bc6 13. Nd5 Bxd5 14. Bxd5 f6
15. exf5 Nxf5 16. Rae1+ Kf8 17. Be6 1-0

[Event "Frankfurt Ch 2011"]
[Site "Ffm-Kalbach, LAZ"]
[Date "2011.05.16"]
[Round "3.15"]
[White "Lebermann, Hellmuth"]
[Black "Voropaev, Gleb"]
[Result "0-1"]
[WhiteElo "2016"]
[BlackElo "2326"]
[PlyCount "94"]
[EventDate "2011.??.??"]
[WhiteTeam "SK Bad Homburg 1927"]
[BlackTeam "SG Turm Idstein"]

1. Nf3 Nf6 2. g3 g6 3. Bg2 Bg7 4. O-O O-O 5. c4 d6 6. d4 Nc6 7. Nc3 e5 8. d5
Nb8 9. e4 Nbd7 10. Rb1 Nc5 11. Ne1 a5 12. b3 Ne8 13. Be3 b6 14. Qd2 f5 15. Rc1
Nf6 16. f3 Bd7 17. Nc2 Rf7 18. Rce1 Qf8 19. Qe2 Bh6 20. Bd2 Bxd2 21. Qxd2 Qg7
22. Kh1 Raf8 23. Kg1 h5 24. h3 f4 25. g4 hxg4 26. fxg4 Qh6 27. Qe2 Nh7 28. Rf3
Ng5 29. Ref1 Nxf3+ 30. Qxf3 Qh4 31. Ne2 Nb7 32. Ne1 Nc5 33. Qc3 Qd8 34. Qc2 b5
35. Nf3 bxc4 36. Qxc4 g5 37. Nc3 Kg7 38. Rf2 Kg6 39. Nxe5+ dxe5 40. Qxc5 f3 41.
Bf1 Qf6 42. Qe3 Qb6 43. Qd2 Rf4 44. Bc4 Rh8 45. d6 c6 46. Na4 Qa7 47. Qc3 Rxh3
0-1

[Event "Frankfurt Ch 2011"]
[Site "Ffm-Kalbach, LAZ"]
[Date "2011.05.16"]
[Round "3.16"]
[White "Haasler, Andreas"]
[Black "Ochmann, Reimund"]
[Result "1-0"]
[WhiteElo "2234"]
[BlackElo "2097"]
[PlyCount "145"]
[EventDate "2011.??.??"]
[WhiteTeam "Sfr.Heidesheim"]
[BlackTeam "SK Langen"]

1. c4 c6 2. e4 d5 3. exd5 Nf6 4. Nc3 cxd5 5. cxd5 Nxd5 6. Nf3 Nc6 7. Bb5 Nxc3
8. bxc3 Bd7 9. O-O e6 10. d4 Qa5 11. Qb3 Be7 12. d5 exd5 13. Re1 Be6 14. Bxc6+
bxc6 15. Qb7 Rd8 16. Qxc6+ Bd7 17. Qd6 Be6 18. Qc6+ Bd7 19. Qb7 Be6 20. Ng5
Qxc3 21. Bb2 Qc5 22. Nxe6 fxe6 23. Rxe6 O-O 24. Re2 Bf6 25. Bxf6 Rxf6 26. Qb2
Rfd6 27. Rc1 Qb6 28. Qc2 h6 29. g3 Rf6 30. Qd3 Qb7 31. Qd4 Qb6 32. Rc5 Rfd6 33.
Kg2 Qb7 34. h4 Kh8 35. Kh2 Kg8 36. Rec2 R6d7 37. Rc6 a5 38. Rb6 Qa7 39. Rcc6
Rb7 40. Qc5 Rxb6 41. Rxb6 Qf7 42. Rb2 a4 43. Qb4 Qd7 44. Qd4 Re8 45. Rd2 Rd8
46. Kg2 Qc6 47. a3 Kh8 48. f3 Qb5 49. Rb2 Qc6 50. g4 Re8 51. h5 Rc8 52. Rb6
Qc2+ 53. Kg3 Qc3 54. Rxh6+ Kg8 55. Qxd5+ Kf8 56. Rh8+ Ke7 57. Rxc8 Qxc8 58.
Qe4+ Kd6 59. Qd4+ Ke7 60. Qxg7+ Kd6 61. Qd4+ Kc7 62. Qc3+ Kd7 63. Qxc8+ Kxc8
64. h6 Kd7 65. h7 Ke7 66. h8=Q Kd7 67. Qf6 Kc7 68. g5 Kd7 69. g6 Kc7 70. g7 Kd7
71. g8=R Kc7 72. Rg7+ Kc8 73. Qf8# 1-0

[Event "Frankfurt Ch 2011"]
[Site "Ffm-Kalbach, LAZ"]
[Date "2011.05.16"]
[Round "3.17"]
[White "Uwira, Oliver"]
[Black "Goldt, Rainer"]
[Result "1-0"]
[WhiteElo "2244"]
[BlackElo "1993"]
[PlyCount "59"]
[EventDate "2011.??.??"]
[WhiteTeam "SC 1961 König Nied"]
[BlackTeam "Kreuznacher SV 1921 e.V."]

1. d4 d5 2. c4 e6 3. Nc3 c5 4. cxd5 cxd4 5. Qa4+ Bd7 6. Qxd4 exd5 7. Qxd5 Nf6
8. Qd1 Bc5 9. Nf3 Qb6 10. e3 O-O 11. Be2 Nc6 12. O-O Be7 13. Qc2 Nb4 14. Qb1
Rac8 15. a3 Nc6 16. e4 Be6 17. Be3 Qc7 18. h3 Na5 19. Nd2 a6 20. Rc1 Qd7 21. b4
Nc4 22. Nxc4 Bxc4 23. Bxc4 Rxc4 24. e5 Ne8 25. Rd1 Qe6 26. Qd3 b5 27. f4 Nc7
28. Ne4 Rd8 29. Qxd8+ Bxd8 30. Rxd8+ 1-0

[Event "Frankfurt Ch 2011"]
[Site "Ffm-Kalbach, LAZ"]
[Date "2011.05.16"]
[Round "3.18"]
[White "Bösch, Dirk"]
[Black "Fußnecker, Manfred"]
[Result "1/2-1/2"]
[WhiteElo "2109"]
[BlackElo "1999"]
[PlyCount "107"]
[EventDate "2011.??.??"]
[WhiteTeam "SK Ebringen"]
[BlackTeam "SC Matt im Park Ffm"]

1. e4 e5 2. Nf3 Nc6 3. d4 exd4 4. Nxd4 Nf6 5. Nc3 Bb4 6. Nxc6 bxc6 7. Bd3 h6 8.
O-O d6 9. h3 O-O 10. a3 Bxc3 11. bxc3 Re8 12. Re1 Nh7 13. Rb1 Be6 14. f4 Qh4
15. Qe2 f5 16. Qf2 Qxf2+ 17. Kxf2 fxe4 18. Bxe4 Bd5 19. Bxh7+ Kxh7 20. Rxe8
Rxe8 21. Rb7 Re7 22. Rxa7 Kg6 23. g4 Kf6 24. h4 Bc4 25. Be3 c5 26. Ra8 Bd5 27.
Rb8 Re4 28. h5 Kf7 29. Rc8 Re7 30. g5 Be4 31. a4 Bf5 32. Ra8 Be4 33. Rh8 Re8
34. Rxe8 Kxe8 35. Bd2 Kf7 36. Ke3 Bc6 37. a5 Ke6 38. c4 Kf5 39. gxh6 gxh6 40.
Bc3 Kg4 41. a6 Kxh5 42. Ba5 Kg4 43. Bxc7 d5 44. cxd5 Bxd5 45. a7 h5 46. c4 Bc6
47. Kf2 h4 48. Bd6 Ba8 49. Kg1 Bc6 50. Kh2 Ba8 51. Bxc5 Kxf4 52. Bf2 Ke4 53.
Kh3 Kd3 54. c5 1/2-1/2

[Event "Frankfurt Ch 2011"]
[Site "Ffm-Kalbach, LAZ"]
[Date "2011.05.16"]
[Round "3.19"]
[White "Dürmeier, Roland"]
[Black "Noblé, Alexander"]
[Result "1-0"]
[WhiteElo "1867"]
[BlackElo "2045"]
[PlyCount "145"]
[EventDate "2011.??.??"]
[WhiteTeam "SG Wächtersbach/Sotzbach"]
[BlackTeam "SC Bad Nauheim"]

1. f4 Nf6 2. Nf3 b6 3. d3 d5 4. g3 e6 5. Bg2 Bb7 6. O-O Nbd7 7. Ne5 Bd6 8. d4
c5 9. c3 O-O 10. Na3 Rc8 11. Nc2 Qc7 12. Kh1 Ne4 13. Nxd7 Qxd7 14. Be3 f5 15.
Ne1 Ba6 16. Bf3 c4 17. Bg2 Rf6 18. Nf3 Rh6 19. Kg1 Bb5 20. Ne5 Qe7 21. Bxe4
dxe4 22. Rf2 Be8 23. Rg2 Rh3 24. Qc2 Bh5 25. Rd1 Qb7 26. b3 cxb3 27. axb3 Be8
28. c4 Bc6 29. Rf2 Rh6 30. Rff1 Rf6 31. Qb2 Rff8 32. Rc1 Qe7 33. Ra1 Bb8 34.
Rfd1 Rfd8 35. Qa3 Qxa3 36. Rxa3 Bb7 37. Kf2 h6 38. Ra2 Rd6 39. Rc1 Rdd8 40. h3
Kf8 41. g4 Bc6 42. Rg1 Be8 43. gxf5 exf5 44. d5 g5 45. h4 g4 46. Bd4 Rd6 47. e3
Rc7 48. Bb2 Rd8 49. Ba3+ Kg7 50. Rd2 Rcc8 51. Bb2 Kf8 52. Ba3+ Kg7 53. Ra1 Kf6
54. Bb2 Ke7 55. Ba3+ Kf6 56. Bb4 h5 57. Ra6 Kg7 58. Ke2 Kf6 59. Ke1 Kg7 60. Be7
Rd7 61. Nxd7 Bxd7 62. Ba3 Kf7 63. Bb2 Re8 64. Kf2 Bc8 65. Ra1 Bd7 66. Bd4 Re7
67. b4 Be8 68. c5 Bb5 69. cxb6 a6 70. Rc1 Rd7 71. Be5 Bd6 72. Rc7 Bxc7 73. bxc7
1-0

[Event "Frankfurt Ch 2011"]
[Site "Ffm-Kalbach, LAZ"]
[Date "2011.05.16"]
[Round "3.20"]
[White "Zimmer, Gerald"]
[Black "Wagner, Dirk"]
[Result "1/2-1/2"]
[WhiteElo "1944"]
[BlackElo "2038"]
[PlyCount "84"]
[EventDate "2011.??.??"]
[WhiteTeam "SC Bergen-Enkheim 1922"]
[BlackTeam "Sfr. Frankfurt 1921"]

1. d4 Nf6 2. c4 g6 3. Nc3 Bg7 4. e4 d6 5. Nf3 O-O 6. h3 Na6 7. Be3 Qe8 8. Be2
e5 9. dxe5 dxe5 10. Nd2 Nd7 11. a3 Nac5 12. b4 Ne6 13. Nb3 f5 14. f3 f4 15. Bf2
Qd8 16. Qd5 Qe7 17. O-O-O Kh8 18. Kb2 Nb6 19. Qd2 Rd8 20. Qe1 Nd4 21. Nd5 Nxd5
22. cxd5 Nxb3 23. Kxb3 b6 24. Qc3 a5 25. b5 Bf8 26. Kb2 a4 27. Be1 Bd7 28. Ka2
Qe8 29. Rb1 Bc5 30. Qb2 Rdc8 31. Bd2 Bd6 32. Bxf4 Kg8 33. Bd2 Qe7 34. Bb4 Qg5
35. Rhg1 Qe3 36. Bc3 Re8 37. Qd2 Qf2 38. Bd3 Qg3 39. Qe1 Qg5 40. Bd2 Qf6 41.
Bb4 Rec8 42. Rf1 Qf7 1/2-1/2

[Event "Frankfurt Ch 2011"]
[Site "Ffm-Kalbach, LAZ"]
[Date "2011.05.16"]
[Round "3.21"]
[White "Cors, Heinz-Friedrich"]
[Black "Krzesinski, Paul"]
[Result "0-1"]
[WhiteElo "1945"]
[BlackElo "1832"]
[PlyCount "62"]
[EventDate "2011.??.??"]
[WhiteTeam "SV Schachforum Darmstadt 1994"]
[BlackTeam "Frankfurter TV 1860"]

1. e4 e5 2. Bc4 Nc6 3. Nf3 Nf6 4. d3 Be7 5. O-O O-O 6. a4 d6 7. c3 d5 8. exd5
Nxd5 9. Re1 Bg4 10. a5 Kh8 11. Nbd2 f5 12. a6 Bf6 13. axb7 Rb8 14. Ra6 Nb6 15.
h3 Bh5 16. Bb5 Ne7 17. Qc2 c6 18. Bc4 Qc7 19. Rxa7 Rfd8 20. Ba6 Bg6 21. Nb3 c5
22. Be3 e4 23. Ng5 Nc6 24. Ne6 Qd6 25. Bxc5 Qxe6 26. Bxb6 Nxa7 27. Bxd8 Bxd8
28. Nc5 Qd6 29. d4 Bc7 30. g3 f4 31. Nxe4 Qxa6 0-1

[Event "Frankfurt Ch 2011"]
[Site "Ffm-Kalbach, LAZ"]
[Date "2011.05.16"]
[Round "3.22"]
[White "Seickel, Ralf"]
[Black "Faqiry, Ramat"]
[Result "1-0"]
[WhiteElo "1898"]
[BlackElo "1977"]
[PlyCount "81"]
[EventDate "2011.??.??"]
[WhiteTeam "vereinslos"]
[BlackTeam "SV Oberursel"]

1. e4 c5 2. Nf3 e6 3. d4 cxd4 4. Nxd4 Nf6 5. Nc3 Nc6 6. Ndb5 d6 7. Bf4 e5 8.
Bg5 a6 9. Na3 Be7 10. Nc4 b5 11. Bxf6 gxf6 12. Ne3 Nd4 13. Ncd5 Bf8 14. c3 Ne6
15. Qf3 Bg7 16. Ng4 Ng5 17. Qe2 h5 18. Nge3 Nxe4 19. Qf3 f5 20. Nxf5 Bxf5 21.
Qxf5 Nf6 22. Rd1 Nxd5 23. Rxd5 Qd7 24. Qd3 Rh6 25. Be2 Ke7 26. Bf3 Rc8 27. Be4
Rf6 28. O-O Rc5 29. Rxc5 dxc5 30. Qe3 Qc7 31. Qg5 Kf8 32. Qxh5 Rh6 33. Qg4 Rf6
34. g3 Rd6 35. Rd1 Qd8 36. Rxd6 Qxd6 37. Qc8+ Ke7 38. Qb7+ Kf8 39. Bd5 Kg8 40.
Qxf7+ Kh8 41. Qg8# 1-0

[Event "Frankfurt Ch 2011"]
[Site "Ffm-Kalbach, LAZ"]
[Date "2011.05.16"]
[Round "3.23"]
[White "Wornath, Kai"]
[Black "Dörr, Tarik"]
[Result "1-0"]
[WhiteElo "2408"]
[BlackElo "1852"]
[PlyCount "39"]
[EventDate "2011.??.??"]
[WhiteTeam "TSV Schott Mainz"]
[BlackTeam "SC Einrich"]

1. d4 f5 2. Nc3 Nf6 3. Bg5 d5 4. e4 dxe4 5. f3 e3 6. Bxe3 Be6 7. Nh3 c6 8. Nf4
Bf7 9. Bd3 g6 10. Qe2 Bg7 11. O-O-O O-O 12. h4 Nd5 13. Ncxd5 cxd5 14. h5 Nc6
15. hxg6 hxg6 16. g4 Qd6 17. gxf5 g5 18. Qh2 Be8 19. Qh7+ Kf7 20. Ne6 1-0

[Event "Frankfurt Ch 2011"]
[Site "Ffm-Kalbach, LAZ"]
[Date "2011.05.16"]
[Round "3.24"]
[White "Machowitsch, Wolf"]
[Black "Röschlau, Bernd"]
[Result "0-1"]
[WhiteElo "2006"]
[BlackElo "2226"]
[PlyCount "74"]
[EventDate "2011.??.??"]
[WhiteTeam "SC 1961 König Nied"]
[BlackTeam "SC Brett vor'm Kopp Ffm"]

1. d4 d5 2. c4 Nc6 3. Nf3 Bg4 4. e3 e5 5. dxe5 d4 6. Be2 Bb4+ 7. Kf1 dxe3 8.
Bxe3 Qxd1+ 9. Bxd1 Nxe5 10. Ba4+ Bd7 11. Bxd7+ Nxd7 12. a3 Bc5 13. Bf4 O-O-O
14. Nc3 Nf8 15. b4 Ne6 16. Bg3 Bd4 17. Nxd4 Rxd4 18. Nb5 Rxc4 19. Nxa7+ Kb8 20.
Nb5 h5 21. h4 Nf6 22. Rh3 Rd8 23. Bh2 Ng4 24. Bg1 c6 25. Nc3 Nf4 26. Rf3 f6 27.
Ne2 Ng6 28. Rf5 Rc2 29. f3 N4e5 30. Nd4 Rd2 31. Rxh5 Nf4 32. Rh7 R8xd4 33. Bxd4
Rxd4 34. Rxg7 Rd2 35. Rg8+ Ka7 36. g3 Nh3 37. f4 Nf3 0-1

[Event "Frankfurt Ch 2011"]
[Site "Ffm-Kalbach, LAZ"]
[Date "2011.05.16"]
[Round "3.25"]
[White "Gutacker, Stephan"]
[Black "Schwenkreis, Thomas"]
[Result "0-1"]
[WhiteElo "1949"]
[BlackElo "2130"]
[PlyCount "72"]
[EventDate "2011.??.??"]
[WhiteTeam "Sfr.1932 Kelkheim"]
[BlackTeam "SC Brett vor'm Kopp Ffm"]

1. e4 e5 2. Nf3 d6 3. d4 Nf6 4. Nc3 Nbd7 5. Bc4 Be7 6. O-O c6 7. a4 h6 8. h3
Qc7 9. dxe5 dxe5 10. Be3 Bb4 11. Nd2 O-O 12. Qe2 Nb6 13. Bb3 Bd7 14. f4 Kh7 15.
a5 Nc8 16. fxe5 Qxe5 17. Qd3 Be6 18. Bd4 Bc5 19. Bxc5 Qxc5+ 20. Kh1 Kg8 21. Qg3
Nh5 22. Qf3 Bxb3 23. Nxb3 Qe5 24. Kg1 Nd6 25. Rad1 Nf6 26. Qf4 Qxf4 27. Rxf4
Nc4 28. Rd4 Ne5 29. Rb4 Rab8 30. Nc5 b6 31. Na6 Ra8 32. Ra4 Nfd7 33. Nb4 bxa5
34. Nd3 Nxd3 35. cxd3 Nc5 36. Rd4 Ne6 0-1

[Event "Frankfurt Ch 2011"]
[Site "Ffm-Kalbach, LAZ"]
[Date "2011.05.16"]
[Round "3.26"]
[White "Krüger, Till"]
[Black "Koch, Markus"]
[Result "0-1"]
[WhiteElo "2063"]
[BlackElo "2111"]
[PlyCount "112"]
[EventDate "2011.??.??"]
[WhiteTeam "SC Nidderau"]
[BlackTeam "SC Brett vor'm Kopp Ffm"]

1. e4 c5 2. Nf3 d6 3. Bb5+ Nc6 4. O-O Bd7 5. Re1 Nf6 6. d4 cxd4 7. Nxd4 a6 8.
Nxc6 bxc6 9. Bc4 e5 10. Qd3 h6 11. Bd2 Be7 12. Nc3 a5 13. Qg3 g5 14. Rad1 Be6
15. Qd3 Qd7 16. Na4 Qb7 17. Bxe6 fxe6 18. Bc3 Qb5 19. b3 Qxd3 20. Rxd3 Nd7 21.
Bb2 O-O 22. Ba3 c5 23. c4 Rfb8 24. Nc3 a4 25. Nb1 Nb6 26. Kf1 Nc8 27. Red1 Na7
28. Bc1 Nc6 29. Be3 axb3 30. axb3 Kf7 31. f3 Ra1 32. Ke2 Na5 33. Nd2 Ra2 34.
Ke1 h5 35. h3 Nc6 36. Rc1 Nb4 37. Rdc3 g4 38. Bf2 Bg5 39. Rd1 gxh3 40. gxh3 Rg8
41. f4 Bxf4 42. Nf3 Nc2+ 43. Kf1 Nd4 44. Nxd4 exd4 45. Rf3 e5 46. Rb1 Ke6 47.
Rd1 Rb2 48. Ra1 Rb8 49. Ra7 Rf8 50. Bh4 Rf7 51. Ra8 d3 52. Re8+ Kd7 53. Rd8+
Kc7 54. Ra8 Kb7 55. Rd8 Rb1+ 56. Kf2 d2 0-1